<?xml version="1.0" encoding="UTF-8"?>
<record
    xmlns:xsi="http://www.w3.org/2001/XMLSchema-instance"
    xsi:schemaLocation="http://www.loc.gov/MARC21/slim http://www.loc.gov/standards/marcxml/schema/MARC21slim.xsd"
    xmlns="http://www.loc.gov/MARC21/slim">

  <leader>01690nam0a2200337   4500</leader>
  <controlfield tag="001">RU\NLR\bibl\510875</controlfield>
  <controlfield tag="005">20260408162333.0</controlfield>
  <datafield tag="010" ind1=" " ind2=" ">
    <subfield code="a">5-87308-012-7</subfield>
    <subfield code="9">500</subfield>
  </datafield>
  <datafield tag="021" ind1=" " ind2=" ">
    <subfield code="a">RU</subfield>
    <subfield code="b">2003-74905</subfield>
    <subfield code="9">3704</subfield>
  </datafield>
  <datafield tag="035" ind1=" " ind2=" ">
    <subfield code="a">RSL-KNO-002397291</subfield>
  </datafield>
  <datafield tag="035" ind1=" " ind2=" ">
    <subfield code="a">(NLR Aleph) 000503376</subfield>
  </datafield>
  <datafield tag="090" ind1=" " ind2=" ">
    <subfield code="a">1187572</subfield>
    <subfield code="c">1187572</subfield>
  </datafield>
  <datafield tag="100" ind1=" " ind2=" ">
    <subfield code="a">20040112d2003    |||y0rusy50      ca</subfield>
  </datafield>
  <datafield tag="101" ind1="0" ind2=" ">
    <subfield code="a">rus</subfield>
  </datafield>
  <datafield tag="102" ind1=" " ind2=" ">
    <subfield code="a">RU</subfield>
  </datafield>
  <datafield tag="105" ind1=" " ind2=" ">
    <subfield code="a">a   |||||||||</subfield>
  </datafield>
  <datafield tag="106" ind1=" " ind2=" ">
    <subfield code="a">r</subfield>
  </datafield>
  <datafield tag="200" ind1="1" ind2=" ">
    <subfield code="a">&#x41E;&#x440;&#x433;&#x430;&#x43D;&#x438;&#x437;&#x430;&#x446;&#x438;&#x44F; &#x438;&#x441;&#x43A;&#x443;&#x441;&#x441;&#x442;&#x432;&#x435;&#x43D;&#x43D;&#x43E;&#x433;&#x43E; &#x43E;&#x441;&#x435;&#x43C;&#x435;&#x43D;&#x435;&#x43D;&#x438;&#x44F; &#x43A;&#x43E;&#x440;&#x43E;&#x432; &#x438; &#x442;&#x435;&#x43B;&#x43E;&#x43A;</subfield>
    <subfield code="e">(&#x41C;&#x435;&#x442;&#x43E;&#x434;. &#x440;&#x435;&#x43A;&#x43E;&#x43C;&#x435;&#x43D;&#x434;&#x430;&#x446;&#x438;&#x438;)</subfield>
    <subfield code="f">&#x41C;-&#x432;&#x43E; &#x441;&#x435;&#x43B;. &#x445;&#x43E;&#x437;-&#x432;&#x430; &#x420;&#x435;&#x441;&#x43F;. &#x424;&#x435;&#x434;&#x435;&#x440;&#x430;&#x446;&#x438;&#x438;, &#x41C;-&#x432;&#x43E; &#x441;&#x435;&#x43B;. &#x445;&#x43E;&#x437;-&#x432;&#x430; &#x420;&#x435;&#x441;&#x43F;. &#x411;&#x430;&#x448;&#x43A;&#x43E;&#x440;&#x442;&#x43E;&#x441;&#x442;&#x430;&#x43D;, &#x411;&#x430;&#x448;&#x43A;. &#x438;&#x43D;-&#x442; &#x43F;&#x435;&#x440;&#x435;&#x43F;&#x43E;&#x434;&#x433;&#x43E;&#x442;. &#x438; &#x43F;&#x43E;&#x432;&#x44B;&#x448;&#x435;&#x43D;&#x438;&#x44F; &#x43A;&#x432;&#x430;&#x43B;&#x438;&#x444;&#x438;&#x43A;&#x430;&#x446;&#x438;&#x438; &#x43A;&#x430;&#x434;&#x440;&#x43E;&#x432; &#x410;&#x41F;&#x41A;, &#x424;&#x413;&#x423;&#x41F; "&#x411;&#x430;&#x448;&#x43A;&#x438;&#x440;&#x441;&#x43A;&#x43E;&#x435;" &#x43F;&#x43E; &#x43F;&#x43B;&#x435;&#x43C;. &#x440;&#x430;&#x431;&#x43E;&#x442;&#x435;</subfield>
    <subfield code="g">[&#x421;&#x43E;&#x441;&#x442;.: &#x421;&#x430;&#x445;&#x430;&#x443;&#x442;&#x434;&#x438;&#x43D;&#x43E;&#x432; &#x420;.&#x425;. &#x438; &#x434;&#x440;.]</subfield>
  </datafield>
  <datafield tag="210" ind1=" " ind2=" ">
    <subfield code="a">&#x423;&#x444;&#x430;</subfield>
    <subfield code="c">&#x41B;&#x435;&#x442;&#x43E;</subfield>
    <subfield code="d">2003</subfield>
    <subfield code="e">&#x422;&#x438;&#x43F;. &#x418;&#x41A;&#x426; &#x423;&#x444;&#x430;&#x43F;&#x43E;&#x43B;&#x438;&#x433;&#x440;&#x430;&#x444;</subfield>
  </datafield>
  <datafield tag="215" ind1=" " ind2=" ">
    <subfield code="a">31 &#x441;.</subfield>
    <subfield code="d">21</subfield>
  </datafield>
  <datafield tag="320" ind1=" " ind2=" ">
    <subfield code="a">&#x411;&#x438;&#x43B;&#x438;&#x43E;&#x433;&#x440;. &#x432; &#x43A;&#x43E;&#x43D;&#x446;&#x435; &#x43A;&#x43D;. (5 &#x43D;&#x430;&#x437;&#x432;.)</subfield>
  </datafield>
  <datafield tag="606" ind1=" " ind2=" ">
    <subfield code="a">&#x41A;&#x43E;&#x440;&#x43E;&#x432;&#x44B;</subfield>
    <subfield code="x">&#x418;&#x441;&#x43A;&#x443;&#x441;&#x441;&#x442;&#x432;&#x435;&#x43D;&#x43D;&#x43E;&#x435; &#x43E;&#x441;&#x435;&#x43C;&#x435;&#x43D;&#x435;&#x43D;&#x438;&#x435;</subfield>
    <subfield code="j">&#x41C;&#x435;&#x442;&#x43E;&#x434;&#x438;&#x447;&#x435;&#x441;&#x43A;&#x438;&#x435; &#x43F;&#x43E;&#x441;&#x43E;&#x431;&#x438;&#x44F;</subfield>
    <subfield code="3">RU\NLR\auth\66344724</subfield>
    <subfield code="9">934640</subfield>
  </datafield>
  <datafield tag="686" ind1=" " ind2=" ">
    <subfield code="a">&#x41F;60-344&#x44F;8</subfield>
  </datafield>
  <datafield tag="702" ind1=" " ind2="1">
    <subfield code="a">&#x421;&#x430;&#x445;&#x430;&#x443;&#x442;&#x434;&#x438;&#x43D;&#x43E;&#x432;</subfield>
    <subfield code="b">&#x420;. &#x425;.</subfield>
    <subfield code="4">220</subfield>
  </datafield>
  <datafield tag="712" ind1="0" ind2="2">
    <subfield code="4">570</subfield>
    <subfield code="a">&#x411;&#x430;&#x448;&#x43A;&#x438;&#x440;&#x441;&#x43A;&#x438;&#x439; &#x438;&#x43D;&#x441;&#x442;&#x438;&#x442;&#x443;&#x442; &#x43F;&#x435;&#x440;&#x435;&#x43F;&#x43E;&#x434;&#x433;&#x43E;&#x442;&#x43E;&#x432;&#x43A;&#x438; &#x438; &#x43F;&#x43E;&#x432;&#x44B;&#x448;&#x435;&#x43D;&#x438;&#x44F; &#x43A;&#x432;&#x430;&#x43B;&#x438;&#x444;&#x438;&#x43A;&#x430;&#x446;&#x438;&#x438; &#x43A;&#x430;&#x434;&#x440;&#x43E;&#x432; &#x410;&#x41F;&#x41A;</subfield>
    <subfield code="c">&#x423;&#x444;&#x430;</subfield>
    <subfield code="3">RU\NLR\AUTH\8810052916</subfield>
    <subfield code="9">606265</subfield>
  </datafield>
  <datafield tag="801" ind1=" " ind2="0">
    <subfield code="a">RU</subfield>
    <subfield code="b">RuMoRKP</subfield>
    <subfield code="c">20040112</subfield>
    <subfield code="g">PSBO</subfield>
  </datafield>
  <datafield tag="801" ind1=" " ind2="1">
    <subfield code="a">RU</subfield>
    <subfield code="b">RuMoRKP</subfield>
    <subfield code="c">20040112</subfield>
  </datafield>
  <datafield tag="801" ind1=" " ind2="2">
    <subfield code="a">RU</subfield>
    <subfield code="b">NLR</subfield>
    <subfield code="c">20040413</subfield>
    <subfield code="g">PSBO</subfield>
  </datafield>
  <datafield tag="942" ind1=" " ind2=" ">
    <subfield code="c">BOOK</subfield>
  </datafield>
  <datafield tag="980" ind1=" " ind2=" ">
    <subfield code="a">NB</subfield>
  </datafield>
  <datafield tag="995" ind1=" " ind2=" ">
    <subfield code="5">2004-04-13</subfield>
    <subfield code="a">ad</subfield>
    <subfield code="b">NLR01</subfield>
    <subfield code="c">NLR01</subfield>
    <subfield code="e">RF3</subfield>
    <subfield code="f">670480</subfield>
    <subfield code="k">2004-4/8136</subfield>
    <subfield code="o">0</subfield>
    <subfield code="r">BOOK</subfield>
    <subfield code="s">200448136_</subfield>
  </datafield>
  <datafield tag="995" ind1=" " ind2=" ">
    <subfield code="5">2004-04-13</subfield>
    <subfield code="a">ad</subfield>
    <subfield code="b">NLR01</subfield>
    <subfield code="c">NLR01</subfield>
    <subfield code="e">RF3</subfield>
    <subfield code="f">670481</subfield>
    <subfield code="k">2004-4/8136</subfield>
    <subfield code="o">0</subfield>
    <subfield code="r">BOOK</subfield>
    <subfield code="s">200448136_</subfield>
  </datafield>
</record>
